000 00703cab a2200193 4500
001 ##L134915
008 060911n2006 000 0 eng u
035 _a(Sirsi) u134915
041 0 _aeng
100 1 _aBenzine, Adam
245 0 0 _aSpecial report
_broadside
260 _c2006
490 0 _aProperty Week
_v71(36) 8 September 2006, 107-115(6)
520 _aExamines the roadside market, including the problems associated with the redevelopment of former petrol station sites and Henry Boot Developments' Stop 24 motorway service station in Kent. Tables.
590 _aIKA190906
651 4 _aUnited Kingdom
_y
690 _aPROPERTY-COMMERCIAL PROPERTY-COMMERCIAL PROPERTY MARKET
942 _n0
999 _c77708
_d77708